Social structure and political recruitment in India (Record no. 134117)

MARC details
000 -LEADER
fixed length control field 00380nam a2200145Ia 4500
008 - FIXED-LENGTH DATA ELEMENTS--GENERAL INFORMATION
fixed length control field 230917s9999||||xx |||||||||||||| ||und||
040 ## - CATALOGING SOURCE
-- 182722
Original cataloging agency VIVEKANANDA LIBRARY
041 ## - Language
-- English
082 ## - DDC NUMBER
Classification number 320.954 N293S
100 ## - MAIN ENTRY--PERSONAL NAME
Personal name Neera
245 #0 - TITLE STATEMENT
Title Social structure and political recruitment in India
260 ## - PUBLICATION, DISTRIBUTION, ETC. (IMPRINT)
Place of publication, distribution, etc New Delhi
Name of publisher, distributor, etc Abhijeet Publications
Date of publication, distribution, etc 2010
300 ## - PHYSICAL DESCRIPTION
Pages 264 p.
942 ## - ADDED ENTRY ELEMENTS (KOHA)
Koha item type Books
Holdings
Withdrawn status Lost status Damaged status Not for loan Location (home branch) Sublocation or collection (holding branch) Date acquired Koha issues (times borrowed) Koha full call number Accession No. Koha date last seen Koha item type
        VIVEKANANDA LIBRARY VIVEKANANDA LIBRARY 01/09/2011   320.954 N293S 233550 17/09/2023 Books
        VIVEKANANDA LIBRARY VIVEKANANDA LIBRARY 01/09/2011   320.954 N293S 273915 17/09/2023 Books
        VIVEKANANDA LIBRARY VIVEKANANDA LIBRARY 01/09/2011   320.954 N293S 273916 17/09/2023 Books
        VIVEKANANDA LIBRARY VIVEKANANDA LIBRARY 01/09/2011   320.954 N293S 273917 17/09/2023 Books
        VIVEKANANDA LIBRARY VIVEKANANDA LIBRARY 01/09/2011   320.954 N293S 273918 17/09/2023 Books
        VIVEKANANDA LIBRARY VIVEKANANDA LIBRARY 01/09/2011   320.954 N293S 273919 17/09/2023 Books
        VIVEKANANDA LIBRARY VIVEKANANDA LIBRARY 01/09/2011 1 320.954 N293S 273920 15/01/2025 Books
        VIVEKANANDA LIBRARY VIVEKANANDA LIBRARY 01/09/2011   320.954 N293S 273921 17/09/2023 Books
        VIVEKANANDA LIBRARY VIVEKANANDA LIBRARY 01/09/2011 1 320.954 N293S 273922 09/02/2026 Books
        VIVEKANANDA LIBRARY VIVEKANANDA LIBRARY 01/09/2011   320.954 N293S 273923 17/09/2023 Books
        VIVEKANANDA LIBRARY VIVEKANANDA LIBRARY 01/09/2011   320.954 N293S 273924 17/09/2023 Books
        VIVEKANANDA LIBRARY VIVEKANANDA LIBRARY 01/09/2011   320.954 N293S 297639 17/09/2023 Books
        VIVEKANANDA LIBRARY VIVEKANANDA LIBRARY 01/09/2011   320.954 N293S 297640 17/09/2023 Books
        VIVEKANANDA LIBRARY VIVEKANANDA LIBRARY 01/09/2011   320.954 N293S 297641 17/09/2023 Books
        VIVEKANANDA LIBRARY VIVEKANANDA LIBRARY 01/09/2011   320.954 N293S 297642 17/09/2023 Books
        VIVEKANANDA LIBRARY VIVEKANANDA LIBRARY 01/09/2011   320.954 N293S 297643 17/09/2023 Books
© Designed and Maintained by Vivekananda Library, MDU Rohtak